00343nam a2200121Ia 4500008004100000041000800041082001600049100002100065245004500086260004900131300003200180365000900212240624s9999 xx 000 0 und d aeng a658.804 AND aANDERSON JAMES C aVALUE MERCHANTS DEMONSTRATING AND DOCUME c2007aBostonbHarvard Businesss School Press axiii, : 219 : p. : cm. ; 24 cb20